Porovnanie vkladových stratégií bakalárska práca

Uložené v:
Podrobná bibliografia
Hlavný autor: Pilníková, Miroslava
Korporativný autor: Podnikovohospodárska fakulta EU so sídlom v Košiciach. Katedra ekonómie
Ďalší autori: Mojsej, Václav
Médium: Kniha
Jazyk:Slovak
Vydavateľské údaje: Košice 2009
Tagy: Pridať tag
Žiadne tagy, Buďte prvý, kto otaguje tento záznam!

MARC

LEADER 00000nam$a2200000$$$4500
001 0106270
005 20240827092845.2
041 0 |a slo 
044 |a SK 
245 1 0 |a Porovnanie vkladových stratégií  |b bakalárska práca  |c Miroslava Pilníková ; škol. Václav Mojsej 
264 1 |a Košice  |c 2009 
300 |a 48 s. 
100 1 |a Pilníková, Miroslava 
700 1 |a Mojsej, Václav 
710 2 |a Podnikovohospodárska fakulta EU so sídlom v Košiciach. Katedra ekonómie